Normal view
MARC view
- Moudodi Abual Ala
Entry Personal Name
001 - CONTROL NUMBER
- control field: 9832
003 - CONTROL NUMBER IDENTIFIER
- control field: NUST
005 - DATE AND TIME OF LATEST TRANSACTION
- control field: 20180124162132.0
008 - FIXED-LENGTH DATA ELEMENTS
- fixed length control field: 180124|| aca||aabn | a|a d
040 ## - CATALOGING SOURCE
- Original cataloging agency: NUST
- Transcribing agency: NUST
100 ## - HEADING--PERSONAL NAME
- Personal name: Moudodi Abual Ala
670 ## - SOURCE DATA FOUND
- Source citation: Work cat.: (NUST)325413: Moudodi Abual Ala, Parda, 2013
